|
|
|
|
| LEADER |
00000nab a2200000 4500 |
| 001 |
vtls012052644 |
| 003 |
SK-MaSNL |
| 005 |
20260303190140.0 |
| 008 |
210505|2014 xo |||| ||an ||00 0|slo |
| 015 |
|
|
|a SNBRB2021/05
|
| 040 |
|
|
|a SPKCL
|b slo
|e rda
|
| 041 |
|
|
|a slo
|b slo
|b eng
|
| 043 |
|
|
|a e-xo- - -
|
| 044 |
|
|
|a xo
|c SK
|
| 072 |
|
7 |
|a 78
|x Hudba
|2 konspekt
|
| 072 |
|
7 |
|a 377
|x Odborné vzdelávanie
|2 konspekt
|
| 080 |
|
|
|a 78:37.016
|x (437.67)
|2 2011
|
| 100 |
1 |
|
|a Medňanská, Irena,
|d 1950-
|4 aut
|
| 245 |
1 |
0 |
|a Vzdelávanie učiteľov hudobnej výchovy na východnom Slovensku
|c Irena Medňanská, Božena Balcárová
|
| 336 |
|
|
|a text
|b txt
|2 rdacontent
|
| 337 |
|
|
|a bez média
|b n
|2 rdamedia
|
| 338 |
|
|
|a zväzok
|b nc
|2 rdacarrier
|
| 504 |
|
|
|a Obsahuje bibliografiu
|
| 546 |
|
|
|a Anglické a slovenské resumé
|
| 650 |
0 |
7 |
|a vzdelávanie učiteľov
|2 SNKPH
|9 4031
|
| 650 |
0 |
7 |
|a hudobná výchova
|2 SNKPH
|9 1662
|
| 651 |
|
7 |
|a Slovensko východné
|2 SNKPHgeo
|
| 655 |
|
7 |
|a BZB
|2 SNKPH
|9 1080216
|
| 700 |
1 |
|
|a Balcárová, Božena,
|d 1955-
|4 aut
|9 618818
|
| 773 |
0 |
|
|t História, súčasnosť a perspektívy vzdelávania na Pedagogickej fakulte Prešovskej univerzity v Prešove : zborník príspevkov z vedeckej konferencie s medzinárodnou účasťou organizovanej Pedagogickou fakultou PU pri príležitosti 65. výročia založenia Pedagogickej fakulty v Prešove
|d Prešov : Prešovská univerzita, 2014
|g S. 410-417
|h online
|z 978-80-555-1237-2
|
| 856 |
4 |
1 |
|u //www.unipo.sk/public/media/20164/Historia-sucasnost-a-perspektivy-vzdelavania-2014.pdf
|
| 958 |
|
|
|a NB
|
| 999 |
|
|
|c 2134792
|d 2136722
|